[Event "Padova del Santo op-B 7th"]
[Site "Padova"]
[Date "2020.02.22"]
[Round "2.9"]
[White "Di Lascio, Savino"]
[Black "De Paolis, Alex"]
[Result "0-1"]
[WhiteElo "1878"]
[BlackElo "1719"]
[PlyCount "76"]
[EventDate "2020.02.21"]
[EventType "swiss"]
[EventRounds "3"]
[EventCountry "ITA"]
[SourceTitle "EXT 2024"]
[Source "ChessBase"]
[SourceDate "2023.10.10"]
[SourceVersion "1"]
[SourceVersionDate "2023.10.10"]
[SourceQuality "1"]

1. Nf3 Nf6 2. g3 e6 3. Bg2 d5 4. 0-0 Be7 5. d3 0-0 6. Nbd2 Nc6 7. c4 b6 8. a3 a5 9. b3 Bb7 10. Bb2 Re8 11. Ra2 Ra7 12. Qa1 h6 13. Rc1 Nb8 14. Nd4 c5 15. Nb5 Ra8 16. Be5 Na6 17. e4 d4 18. Bxf6 Bxf6 19. e5 Bxg2 20. exf6 Bc6 21. fxg7 Nc7 22. Nxc7 Qxc7 23. Re1 Kxg7 24. Qd1 f5 25. Nf3 e5 26. Nh4 Qf7 27. Rae2 Qf6 28. Qd2 f4 29. b4 Kh7 30. bxc5 bxc5 31. Rb1 Rg8 32. Kf1 fxg3 33. hxg3 Rxg3 34. Rxe5 Qxh4 35. Re7+ Rg7 36. Rxg7+ Kxg7 37. f3 Qh1+ 38. Kf2 Qxf3+ 0-1